| 000 | 00727nam a2200181 a 4500 | ||
|---|---|---|---|
| 001 | 000034214 | ||
| 005 | 20200930070855.0 | ||
| 008 | 110902s19591855dr 000 0 spa d | ||
| 040 |
_aDO-SdBNP _bspa _cBNPHU |
||
| 082 |
_axxxx _bF363h |
||
| 100 | 1 |
_aFernández de Oviedo y Valdés , Gonzalo _c1478-1557 _932221 |
|
| 245 | 1 | 0 |
_aHistoria general y natural de las índias / _cGonzalo Fernández de Oviedo y Valdés ; edición y estudio preliminar de Juan Pérez de Tudela Bueso. |
| 260 |
_aMadrid : _bAtlas, _c1959. |
||
| 300 |
_a4 v. ; _c32 cm. |
||
| 490 | 1 | _aBiblioteca de autores españoles; desde la formación del lenguaje hasta nuestros días (continuación) | |
| 700 | 1 | 2 |
_aTudela Bueso, Juan Pérez de _959635 |
| 049 | _aBNPD | ||
| 999 |
_c33705 _d33705 |
||